| 000 | 00534nam a22001817a 4500 | ||
|---|---|---|---|
| 005 | 20240321093532.0 | ||
| 008 | 240321b |||||||| |||| 00| 0 eng d | ||
| 082 |
_a572 _bCHA-B |
||
| 100 | _aChaudhari M.R. | ||
| 245 |
_aBiochemistry and clinical Pathology / _bFirst year diploma in pharmacy : _cChaudhari M.R, Kulkarni Y.A, Goghale S.B |
||
| 260 |
_aPakistan _bNirali _c2009 |
||
| 300 | _c21 cm. | ||
| 500 | _aInclude index . | ||
| 650 | _aMedical / Biochemistry | ||
| 700 | _aKulkarni Y.A | ||
| 700 | _aGoghale S.B | ||
| 999 |
_c35409 _d35409 |
||